| 000 | 00359nam a2200145Ia 4500 | ||
|---|---|---|---|
| 008 | 230312s9999||||xx |||||||||||||| ||und|| | ||
| 020 | _a978-9625932927 | ||
| 082 |
_a635 _bCRE-E |
||
| 100 | _aCreasy;Rosalind | ||
| 245 | 0 | _aEdible French Garden | |
| 260 |
_bPeriplus _aSingapore _c1999 |
||
| 300 | _a106 | ||
| 650 |
_aAgriculture _vFood Industry |
||
| 942 | _cBK | ||
| 999 |
_c14314 _d14314 |
||